=LDR 00000nam 2200000 4500 =001 INLIS000000000033449 =005 20140616114506.0 =006 =007 =008 ind =035 ##$$a 0010-061300000033449 =041 ##$$a ind =082 ##$$a 636 =090 ##$$a 636, Noo g =100 ##$$a Noor, Ronny Rakhman =245 ##$$a Genetika ternak, Ronny Rahman Noor =260 ##$$a 1996 $b Jakarta =300 ##$$a x,200 hlm, Ilus, 21 cm =850 ##$$a NBPNMAT